[Event "224th YMCA Winter A"]
[Site "Warsaw"]
[Date "2020.01.28"]
[Round "4"]
[White "Derylo, Kamil"]
[Black "Szewczyk, Mariusz"]
[Result "0-1"]
[WhiteElo "2099"]
[BlackElo "2022"]
[PlyCount "116"]
[EventDate "2020.01.09"]
[EventType "tourn"]
[EventRounds "1"]
[EventCountry "POL"]
[SourceDate "2020.01.09"]

1. d4 d5 2. c4 c6 3. cxd5 cxd5 4. Bf4 Nc6 5. e3 Qb6 6. Nc3 e6 7. Bd3 a6 8. Qe2
Nf6 9. Rc1 Bd7 10. h3 Nb4 11. Bb1 Bd6 12. Bxd6 Qxd6 13. f4 Rc8 14. Nf3 Ne4 15.
Qd1 Ng3 16. Rg1 O-O 17. Kf2 Nf5 18. g4 Ne7 19. Ne5 b5 20. Qf3 f6 21. Nxd7 Qxd7
22. Kg2 Rc7 23. Rcd1 Rfc8 24. e4 dxe4 25. Nxe4 Ng6 26. Kh1 Nd5 27. Nc5 Qc6 28.
Bxg6 hxg6 29. Rg2 Qd6 30. Rf2 Kf7 31. Re1 Re7 32. Re4 Nb4 33. Rfe2 Rce8 34. Rd2
a5 35. Qb3 Qd5 36. a3 f5 37. Qxd5 Nxd5 38. Re5 Nxf4 39. Nd3 $11 Nxd3 40. Rxd3
Rb8 41. b4 axb4 42. axb4 Kf6 43. Rc3 Rd8 44. Rxb5 Rxd4 45. Kh2 Ra7 46. Rc2 Ra3
47. Rb6 Rdd3 48. g5+ Kxg5 49. Rxe6 Rxh3+ 50. Kg2 Rag3+ 51. Kf2 Rh2+ 52. Kxg3
Rxc2 53. b5 Rb2 54. b6 Rb3+ 55. Kf2 Kh5 56. Ke2 g5 57. Kd2 g4 58. Kc2 Rb5 0-1

[Event "224th YMCA Winter A"]
[Site "Warsaw"]
[Date "2020.02.11"]
[Round "5"]
[White "Szwaj, Justyna"]
[Black "Derylo, Kamil"]
[Result "0-1"]
[WhiteElo "1840"]
[BlackElo "2099"]
[PlyCount "68"]
[EventDate "2020.01.09"]
[EventType "tourn"]
[EventRounds "1"]
[EventCountry "POL"]
[SourceDate "2020.01.09"]

1. e4 e5 2. Nf3 Nc6 3. Bb5 a6 4. Ba4 Nf6 5. O-O Nxe4 6. d4 b5 7. Bb3 d5 8. dxe5
Be6 9. Nbd2 Be7 10. c3 O-O 11. Bc2 f5 12. exf6 Nxf6 13. Qe2 Qd7 14. Re1 Bf5 15.
Bxf5 Qxf5 16. Qe6+ Qxe6 17. Rxe6 Bd6 18. Nb3 Ne4 19. Ng5 Nd8 20. Nxe4 Nxe6 21.
Nxd6 cxd6 22. Be3 a5 23. Rd1 b4 24. Rxd5 a4 25. Nd4 a3 26. bxa3 Nxd4 27. Bxd4
bxa3 28. Rxd6 Rfb8 29. h3 Rb2 30. Rd7 Rxa2 31. Rxg7+ Kf8 32. Rxh7 Ra4 33. Bc5+
Kg8 34. Bxa3 Kxh7 0-1

[Event "224th YMCA Winter A"]
[Site "Warsaw"]
[Date "2020.02.28"]
[Round "5"]
[White "Choroszej, Aleksander"]
[Black "Chalupnik, Marcin"]
[Result "0-1"]
[WhiteElo "2055"]
[BlackElo "2165"]
[PlyCount "112"]
[EventDate "2020.01.09"]
[EventType "tourn"]
[EventRounds "1"]
[EventCountry "POL"]
[SourceDate "2020.01.09"]

1. d4 Nf6 2. c4 g6 3. Nc3 Bg7 4. e4 d6 5. f4 O-O 6. Nf3 c5 7. d5 b5 8. cxb5 a6
9. a4 e6 10. dxe6 Bxe6 11. e5 dxe5 12. Qxd8 Rxd8 13. fxe5 Ng4 14. Bg5 Re8 15.
Ne4 Nd7 16. O-O-O Ngxe5 17. Nxe5 Bxe5 18. Nd6 Rf8 19. bxa6 Nb6 20. a5 Na4 21.
Nc4 Bxc4 22. Bxc4 Nxb2 23. Bd5 Nxd1 24. Bxa8 Rxa8 25. Rxd1 Rxa6 26. Bh6 f5 27.
Rd8+ Kf7 28. Bd2 Bxh2 29. Rd7+ Ke6 30. Rxh7 Be5 31. Kc2 Kd5 32. Rb7 Kc6 33. Rb1
Bc7 34. Ra1 Kb5 35. Rb1+ Kc4 36. Ra1 Kd4 37. Ra3 f4 38. Rd3+ Ke4 39. Rc3 Kd5
40. Rd3+ Kc6 41. Ra3 g5 42. Kd3 Kd5 43. Ra4 Be5 44. Be1 Bd4 45. Bd2 Rc6 46. Rc4
Rc7 47. Bc3 Be3 48. Bf6 g4 49. Bg5 Rb7 50. Rc3 Ra7 51. Ra3 c4+ 52. Kc2 Bc5 53.
Ra4 f3 54. gxf3 g3 55. Bf4 g2 56. Bh2 Rh7 0-1

[Event "224th YMCA Winter A"]
[Site "Warsaw"]
[Date "2020.02.06"]
[Round "5"]
[White "Delega, Tomasz"]
[Black "Ossolinski, Ziemowit"]
[Result "0-1"]
[WhiteElo "1974"]
[BlackElo "1880"]
[PlyCount "108"]
[EventDate "2020.01.09"]
[EventType "tourn"]
[EventRounds "1"]
[EventCountry "POL"]
[SourceDate "2020.01.09"]

1. Nf3 Nf6 2. c4 e6 3. g3 d5 4. Bg2 Bd6 5. d4 c5 6. dxc5 Bxc5 7. O-O O-O 8. Qc2
d4 9. a3 a5 10. Ne5 Qc7 11. Nd3 Bd6 12. Bg5 Nfd7 13. Rc1 f6 14. Bd2 Nc5 15. e3
e5 16. exd4 exd4 17. Nxc5 Bxc5 18. Bf4 Qb6 19. Be4 f5 20. Bd3 Nc6 21. Nd2 h6
22. h4 Qd8 23. Nf3 b6 24. Re1 Ra7 25. Ne5 Nxe5 26. Rxe5 Raf7 27. Rae1 Qf6 28.
Qd2 Qc6 29. b4 Bb7 30. Rd5 Be7 31. b5 Qg6 32. Rxf5 Qg4 33. Rxf7 Rxf7 34. Qe2
Qxe2 35. Rxe2 Bxa3 36. Re8+ Rf8 37. Re6 Bc5 38. Bd6 Ra8 39. Bxc5 bxc5 40. Be4
Bxe4 41. Rxe4 a4 42. Re1 a3 43. Ra1 Ra4 44. Kf1 Rxc4 45. Rxa3 Rb4 46. Ra8+ Kf7
47. Rb8 Rb2 48. b6 d3 49. Ke1 c4 50. Rc8 Re2+ 51. Kf1 Rb2 52. Rxc4 Rb1+ 53. Kg2
d2 54. Rc7+ Kg6 0-1

[Event "224th YMCA Winter A"]
[Site "Warsaw"]
[Date "2020.02.28"]
[Round "5"]
[White "Malicka, Maria"]
[Black "Liberadzki, Slawomir"]
[Result "1/2-1/2"]
[WhiteElo "2041"]
[BlackElo "1981"]
[PlyCount "88"]
[EventDate "2020.01.09"]
[EventType "tourn"]
[EventRounds "1"]
[EventCountry "POL"]
[SourceDate "2020.01.09"]

1. e4 c5 2. Nf3 e6 3. d4 cxd4 4. Nxd4 Nc6 5. Nc3 Qc7 6. Be2 a6 7. O-O Nf6 8.
Be3 Bb4 9. Nxc6 bxc6 10. Qd4 c5 11. Qc4 Bb7 12. a3 Bxc3 13. Qxc3 O-O 14. f3
Rac8 15. Bg5 Nh5 16. Rad1 f6 17. Bc1 g5 18. Bc4 Rcd8 19. e5 d5 20. exd6 Rxd6
21. Rfe1 Bd5 22. Be3 Rfd8 23. Bxd5 Rxd5 24. Rxd5 Rxd5 25. b4 Qe5 26. Qxe5 Rxe5
27. bxc5 Nf4 28. c6 Nd5 29. c4 Nxe3 30. Rxe3 Rc5 31. Rxe6 Kf7 32. Re4 Rxc6 33.
g4 Rb6 34. Kf2 Rb3 35. Re3 Rb2+ 36. Re2 Rb3 37. Rc2 Ke7 38. a4 Kd6 39. c5+ Kc6
40. Rc4 a5 41. Ke2 Ra3 $11 42. Kf2 Rb3 43. Ke2 Ra3 44. Kf2 Rb3 1/2-1/2

[Event "224th YMCA Winter A"]
[Site "Warsaw"]
[Date "2020.02.18"]
[Round "5"]
[White "Swierczewski, Marek"]
[Black "Matyszkiewicz, Wiktor"]
[Result "1/2-1/2"]
[WhiteElo "2090"]
[BlackElo "1902"]
[PlyCount "52"]
[EventDate "2020.01.09"]
[EventType "tourn"]
[EventRounds "1"]
[EventCountry "POL"]
[SourceDate "2020.01.09"]

1. e4 c5 2. Nf3 Nc6 3. c3 Nf6 4. e5 Nd5 5. Bc4 Nb6 6. Bb3 d6 7. exd6 Qxd6 8.
O-O g6 9. d4 cxd4 10. Nxd4 Nxd4 11. Qxd4 Qxd4 12. cxd4 Bg7 13. d5 Bf5 14. Nc3
Rc8 15. Be3 O-O 16. Rac1 Nc4 17. Bxc4 Rxc4 18. Bxa7 Rfc8 19. Rfe1 b5 20. a3 b4
21. axb4 Rxb4 22. Re2 Bxc3 23. bxc3 Rxc3 24. Ra1 Rc7 25. Be3 Rcb7 26. h3 Rb1+
$11 1/2-1/2

[Event "224th YMCA Winter A"]
[Site "Warsaw"]
[Date "2020.02.26"]
[Round "5"]
[White "Szwaj, Jacek"]
[Black "Warszawski, Bartosz"]
[Result "1/2-1/2"]
[WhiteElo "1937"]
[BlackElo "2172"]
[PlyCount "33"]
[EventDate "2020.01.09"]
[EventType "tourn"]
[EventRounds "1"]
[EventCountry "POL"]
[SourceDate "2020.01.09"]

1. e4 c5 2. Nf3 e6 3. d4 cxd4 4. Nxd4 Nc6 5. Nc3 Qc7 6. f4 a6 7. Nxc6 Qxc6 8.
Bd3 b5 9. Qe2 Bb7 10. Bd2 Be7 11. a3 Rc8 12. O-O Nf6 13. e5 Nd5 14. Ne4 f5 15.
exf6 Nxf6 16. Ng5 O-O 17. Bc3 $11 1/2-1/2

[Event "224th YMCA Winter A"]
[Site "Warsaw"]
[Date "2020.02.25"]
[Round "6"]
[White "Matyszkiewicz, Wiktor"]
[Black "Szwaj, Jacek"]
[Result "0-1"]
[WhiteElo "1902"]
[BlackElo "1937"]
[PlyCount "40"]
[EventDate "2020.01.09"]
[EventType "tourn"]
[EventRounds "1"]
[EventCountry "POL"]
[SourceDate "2020.01.09"]

1. e4 c5 2. Nf3 e6 3. d4 cxd4 4. Nxd4 Nf6 5. Nc3 d6 6. Bg5 Be7 7. f4 h6 8. Bh4
Nc6 9. Qd2 Nxe4 10. Nxe4 Bxh4+ 11. g3 Be7 12. Nxc6 bxc6 13. Qc3 O-O 14. Bg2 Qb6
15. O-O-O d5 16. Nd2 a5 17. Nf3 Bb4 18. Qe5 f6 19. Qh5 Rb8 20. a3 Bc5 0-1

[Event "224th YMCA Winter A"]
[Site "Warsaw"]
[Date "2020.02.14"]
[Round "6"]
[White "Liberadzki, Slawomir"]
[Black "Swierczewski, Marek"]
[Result "0-1"]
[WhiteElo "1981"]
[BlackElo "2090"]
[PlyCount "156"]
[EventDate "2020.01.09"]
[EventType "tourn"]
[EventRounds "1"]
[EventCountry "POL"]
[SourceDate "2020.01.09"]

1. e4 c5 2. c3 Nf6 3. e5 Nd5 4. d4 e6 5. Nf3 cxd4 6. cxd4 Be7 7. a3 b6 8. b4
O-O 9. Bd3 f5 10. exf6 Nxf6 11. O-O Bb7 12. Nbd2 Na6 13. Nc4 Nc7 14. Nfe5 Ncd5
15. Bg5 Nc3 16. Qe1 Nce4 17. Bh4 Rc8 18. f3 Nd6 19. Ne3 Nd5 20. Bxe7 Qxe7 21.
Qb1 Qh4 22. N3g4 Nc3 23. Qb2 Qe7 24. Rac1 Nd5 25. Qb1 Nf5 26. Be4 d6 27. Nc4 h5
28. Nf2 Nxd4 29. Rfe1 Qd7 30. Qd3 Nf5 31. Nh3 Rcd8 32. g4 Nh4 33. Ng5 Nf4 34.
Qc2 Qe7 35. Bxb7 Qxg5 36. Kh1 d5 37. Ne5 hxg4 38. Qf2 Nh3 39. Qg3 Nxf3 40. Nxf3
Rxf3 41. Qe5 Qxe5 42. Rxe5 Nf2+ 43. Kg2 Nd3 44. Rce1 Nxe1+ 45. Rxe1 Kf7 46. a4
Rf4 47. b5 Rxa4 48. Rc1 Rc4 49. Rf1+ Ke7 50. Ra1 Rc7 51. Bc6 a5 52. Kg3 Rh8 53.
Ra2 Kd6 54. Kxg4 Rxc6 55. bxc6 Kxc6 56. Re2 Rh6 57. h4 b5 58. Rc2+ Kd6 59. Rb2
b4 60. Ra2 Kc5 61. Rxa5+ Kc4 62. Ra7 b3 63. Rc7+ Kd3 64. Rxg7 b2 65. Rb7 Rg6+
66. Kf4 Rg2 67. h5 Rh2 68. h6 Kc2 69. Rc7+ Kd1 70. Rb7 Kc1 71. Rc7+ Rc2 72.
Rxc2+ Kxc2 73. h7 b1=Q 74. h8=Q Qf1+ 75. Ke3 Qd3+ 76. Kf2 d4 77. Qc8+ Kd2 78.
Qc5 Qf5+ 0-1

[Event "224th YMCA Winter A"]
[Site "Warsaw"]
[Date "2020.02.14"]
[Round "6"]
[White "Chalupnik, Marcin"]
[Black "Delega, Tomasz"]
[Result "1-0"]
[WhiteElo "2165"]
[BlackElo "1974"]
[PlyCount "77"]
[EventDate "2020.01.09"]
[EventType "tourn"]
[EventRounds "1"]
[EventCountry "POL"]
[SourceDate "2020.01.09"]

1. e4 d6 2. d4 Nf6 3. Nc3 c6 4. Be3 Qa5 5. Qd2 e5 6. Nge2 Be7 7. O-O-O Ng4 8.
f4 Nxe3 9. Qxe3 Nd7 10. g4 Nb6 11. Qf3 h5 12. gxh5 exd4 13. Nxd4 Qxh5 14. Qg2
Qh6 15. Qf2 Bd7 16. Kb1 O-O-O 17. a4 Kb8 18. a5 Nc8 19. Bc4 Rdf8 20. Bb3 Bd8
21. a6 b5 22. e5 d5 23. f5 Bb6 24. h4 Bc7 25. Rde1 g6 26. Qg2 gxf5 27. Bxd5
cxd5 28. Qxd5 Qxa6 29. Qxd7 Rh6 30. Ncxb5 Qb6 31. e6 a6 32. e7 Nxe7 33. Qxc7+
Qxc7 34. Nxc7 Nc8 35. Nd5 Rd6 36. c4 Nb6 37. Nxf5 Rc6 38. Nxb6 Rxb6 39. h5 1-0

[Event "224th YMCA Winter A"]
[Site "Warsaw"]
[Date "2020.02.04"]
[Round "6"]
[White "Derylo, Kamil"]
[Black "Choroszej, Aleksander"]
[Result "1-0"]
[WhiteElo "2099"]
[BlackElo "2055"]
[PlyCount "109"]
[EventDate "2020.01.09"]
[EventType "tourn"]
[EventRounds "1"]
[EventCountry "POL"]
[SourceDate "2020.01.09"]

1. d4 g6 2. c4 Bg7 3. Nf3 d6 4. g3 Nf6 5. Bg2 O-O 6. O-O Nc6 7. Nc3 a6 8. Qc2
Bg4 9. Rd1 Qc8 10. Be3 e5 11. dxe5 dxe5 12. Ng5 h6 13. Nge4 Nxe4 14. Bxe4 Nd4
15. Qd2 Kh7 16. Bxd4 exd4 17. Nd5 Qd8 18. Nf4 Rb8 19. h3 Bd7 20. h4 f5 21. Bf3
Qf6 22. c5 Bc6 23. Bxc6 Qxc6 24. Rac1 Rfe8 25. Qc2 Qe4 26. Qc4 Re7 27. b4 g5
28. hxg5 hxg5 29. Nd3 Kg6 30. Rc2 Rh8 31. f3 Qe3+ 32. Kg2 Bf6 33. Rh1 Rxh1 34.
Kxh1 Rh7+ 35. Kg2 c6 36. a4 Kg7 37. Qb3 Be5 38. Qb1 Bc7 39. Rb2 g4 40. Qf1 f4
41. Nf2 fxg3 42. Nxg4 Qe7 43. Qd1 Be5 44. f4 Bf6 45. Qd3 Qe6 46. Qxg3 Kf7 47.
Qb3 Rg7 48. Kf3 Be7 49. Qxe6+ Kxe6 50. Rd2 a5 51. Rxd4 axb4 52. e4 Rh7 53. f5+
Kf7 54. Rd7 Ke8 55. Nf6+ 1-0

[Event "224th YMCA Winter A"]
[Site "Warsaw"]
[Date "2020.02.14"]
[Round "6"]
[White "Szewczyk, Mariusz"]
[Black "Szwaj, Justyna"]
[Result "1-0"]
[WhiteElo "2022"]
[BlackElo "1840"]
[PlyCount "51"]
[EventDate "2020.01.09"]
[EventType "tourn"]
[EventRounds "1"]
[EventCountry "POL"]
[SourceDate "2020.01.09"]

1. e4 c5 2. Nf3 e6 3. d4 cxd4 4. Nxd4 Nf6 5. Bd3 Nc6 6. Nxc6 bxc6 7. O-O e5 8.
f4 d6 9. Nd2 Be7 10. Nc4 O-O 11. fxe5 dxe5 12. Kh1 Qc7 13. Bd2 Be6 14. Qe1 Bxc4
15. Bxc4 a5 16. Bc3 Nd7 17. Qg3 Bd6 18. a3 Nb6 19. Ba2 Na4 20. Rf5 Nxc3 21.
Qxc3 Rad8 22. Raf1 Rd7 23. Qg3 g6 24. Rf6 Kg7 25. h4 Qb6 26. Rxd6 1-0

[Event "224th YMCA Winter A"]
[Site "Warsaw"]
[Date "2020.02.20"]
[Round "7"]
[White "Choroszej, Aleksander"]
[Black "Szewczyk, Mariusz"]
[Result "0-1"]
[WhiteElo "2055"]
[BlackElo "2022"]
[PlyCount "94"]
[EventDate "2020.01.09"]
[EventType "tourn"]
[EventRounds "1"]
[EventCountry "POL"]
[SourceDate "2020.01.09"]

1. d4 d5 2. c4 c6 3. Nc3 Nf6 4. Nf3 a6 5. e3 b5 6. b3 Bf5 7. Be2 e6 8. O-O Nbd7
9. Bb2 Bd6 10. Rc1 O-O 11. Nh4 b4 12. Na4 Ne4 13. Nxf5 exf5 14. g3 Qg5 15. cxd5
cxd5 16. Bf3 Rfe8 17. Nc5 Ndf6 18. Nd3 Ng4 19. h4 Qg6 20. Bxg4 fxg4 21. Ne5
Bxe5 22. dxe5 Rad8 23. Kg2 Qf5 24. f3 gxf3+ 25. Qxf3 Qd7 26. Rfd1 h6 27. Rd3
Qb5 28. Rc7 Rf8 29. Rd1 Rc8 30. Rdc1 Rxc7 31. Rxc7 Qa5 32. Rd7 Qxa2 33. Qe2
Qxb3 34. e6 Nc5 35. exf7+ Rxf7 36. Rxf7 Kxf7 37. Qh5+ Kg8 38. Qe8+ Kh7 39. Qe5
Qc2+ 40. Kg1 Qg6 41. Qxd5 Qb1+ 42. Kg2 Qxb2+ 43. Kh3 Qc2 44. e4 Nxe4 45. Qf5+
Kg8 46. Qd5+ Kh8 47. Qd8+ Kh7 0-1

[Event "224th YMCA Winter A"]
[Site "Warsaw"]
[Date "2020.01.23"]
[Round "7"]
[White "Delega, Tomasz"]
[Black "Derylo, Kamil"]
[Result "0-1"]
[WhiteElo "1974"]
[BlackElo "2099"]
[PlyCount "78"]
[EventDate "2020.01.09"]
[EventType "tourn"]
[EventRounds "1"]
[EventCountry "POL"]
[SourceDate "2020.01.09"]

1. e4 e5 2. Nf3 Nc6 3. Bb5 a6 4. Ba4 Nf6 5. d3 d6 6. h3 g6 7. c3 Bg7 8. O-O O-O
9. Re1 Nd7 10. Bg5 Qe8 11. Qc1 Nc5 12. Bc2 Ne6 13. Bh6 Bd7 14. Bb3 Kh8 15. Na3
f5 16. Bxe6 Bxe6 17. Bxg7+ Kxg7 18. d4 fxe4 19. Rxe4 Bd5 20. Rh4 h5 21. Ng5
exd4 22. cxd4 Rf5 23. Qd2 Qe7 24. f4 Re8 25. Rf1 Qe2 26. Rf2 Qxd2 27. Rxd2 Bxa2
28. Nc2 Bb3 29. g4 Rxf4 30. d5 Kh6 31. Ne6 Rf7 32. gxh5 g5 33. Rg4 Ne5 34. Ncd4
Nxg4 35. hxg4 Bxd5 36. Nxc7 Re1+ 37. Kh2 Be4 38. Nce6 Rff1 39. Ne2 Rf2+ 0-1

[Event "224th YMCA Winter A"]
[Site "Warsaw"]
[Date "2020.02.19"]
[Round "7"]
[White "Swierczewski, Marek"]
[Black "Ossolinski, Ziemowit"]
[Result "0-1"]
[WhiteElo "2090"]
[BlackElo "1880"]
[PlyCount "50"]
[EventDate "2020.01.09"]
[EventType "tourn"]
[EventRounds "1"]
[EventCountry "POL"]
[SourceDate "2020.01.09"]

1. e4 c5 2. Nf3 e6 3. c3 Nf6 4. e5 Nd5 5. d4 cxd4 6. cxd4 Nc6 7. Bd3 Qa5+ 8.
Nbd2 Nf4 9. Bf1 Nxd4 10. Nxd4 Qxe5+ 11. Be2 Nd3+ 12. Kf1 Qxd4 13. Bxd3 Qxd3+
14. Kg1 Be7 15. h4 b6 16. Qg4 O-O 17. Rh3 Qf5 18. Qxf5 exf5 19. h5 Bf6 20. Rd3
Re8 21. Nf3 Bb7 22. Bg5 Bxb2 23. Rad1 h6 24. Bf4 Bc6 25. Bd6 Ba4 0-1

[Event "224th YMCA Winter A"]
[Site "Warsaw"]
[Date "2020.02.21"]
[Round "7"]
[White "Warszawski, Bartosz"]
[Black "Matyszkiewicz, Wiktor"]
[Result "1-0"]
[WhiteElo "2172"]
[BlackElo "1902"]
[PlyCount "77"]
[EventDate "2020.01.09"]
[EventType "tourn"]
[EventRounds "1"]
[EventCountry "POL"]
[SourceDate "2020.01.09"]

1. e4 c5 2. Nf3 d6 3. d4 cxd4 4. Nxd4 Nf6 5. Nc3 Nc6 6. Bc4 e6 7. Be3 Bd7 8.
O-O a6 9. a3 Be7 10. f4 O-O 11. Qf3 Nxd4 12. Bxd4 Bc6 13. Qg3 Qa5 14. b4 Qc7
15. Bd3 Rfd8 16. e5 Ne8 17. Qf2 Qd7 18. Bb6 Rdc8 19. Ne4 Bxe4 20. Bxe4 d5 21.
Bd3 a5 22. f5 axb4 23. Bd4 g6 24. fxg6 fxg6 25. Qf7+ Kh8 26. Rf3 Ng7 27. Rh3
Qe8 28. Qxe8+ Nxe8 29. Bxg6 Kg7 30. Bd3 h6 31. a4 Bc5 32. Bxc5 Rxc5 33. Rf1 Kh8
34. Rxh6+ Kg8 35. Rxe6 Ng7 36. Re7 Re8 37. Rxb7 Rxe5 38. Bg6 Rc8 39. Rf3 1-0

[Event "224th YMCA Winter A"]
[Site "Warsaw"]
[Date "2020.02.18"]
[Round "8"]
[White "Liberadzki, Slawomir"]
[Black "Warszawski, Bartosz"]
[Result "1/2-1/2"]
[WhiteElo "1981"]
[BlackElo "2172"]
[PlyCount "57"]
[EventDate "2020.01.09"]
[EventType "tourn"]
[EventRounds "1"]
[EventCountry "POL"]
[SourceDate "2020.01.09"]

1. c4 e6 2. Nf3 d5 3. d4 c5 4. cxd5 exd5 5. Nc3 Nc6 6. g3 Nf6 7. Bg2 Be7 8. O-O
O-O 9. b3 Ne4 10. Bb2 Bf6 11. Nxe4 dxe4 12. Nd2 Bxd4 13. Bxd4 Qxd4 14. Nxe4 Bg4
15. Qc2 Rac8 16. Qxc5 Qxc5 17. Nxc5 b6 18. f3 Nd4 19. fxg4 Rxc5 20. Bf3 Rc2 21.
e3 Nxf3+ 22. Rxf3 Rd8 23. Rf2 Rdd2 24. Rxd2 Rxd2 25. a4 Rd3 26. a5 bxa5 27.
Rxa5 Rxb3 28. Rxa7 Kf8 29. Kf2 $11 1/2-1/2

[Event "224th YMCA Winter A"]
[Site "Warsaw"]
[Date "2020.02.20"]
[Round "8"]
[White "Ossolinski, Ziemowit"]
[Black "Szwaj, Jacek"]
[Result "0-1"]
[WhiteElo "1880"]
[BlackElo "1937"]
[PlyCount "85"]
[EventDate "2020.01.09"]
[EventType "tourn"]
[EventRounds "1"]
[EventCountry "POL"]
[SourceDate "2020.01.09"]

1. e4 c5 2. Nf3 d6 3. d4 cxd4 4. Nxd4 Nf6 5. f3 e5 6. Nb3 d5 7. Bg5 Be6 8. exd5
Qxd5 9. Nc3 Bb4 10. Bxf6 Bxc3+ 11. bxc3 gxf6 12. Bd3 f5 13. c4 Qc6 14. Qd2 Nd7
15. Qg5 Qb6 16. O-O-O h6 17. Qh5 Qe3+ 18. Kb2 Qg5 19. Qxg5 hxg5 20. h3 Rc8 21.
Rhe1 Ke7 22. Rd2 Rc7 23. Red1 Nb6 24. Re1 f6 25. Na5 Rd8 26. Red1 Na4+ 27. Kb3
Nc5+ 28. Kc3 Rcd7 29. Kb4 Rc7 30. Nb3 Na6+ 31. Kc3 Rdc8 32. Kb2 Rd8 33. a3 Rdc8
34. Na5 Nc5 35. Kc3 e4 36. Be2 e3 37. Rd6 f4 38. R6d4 b6 39. Nb3 Na4+ 40. Kb4
Nb2 41. Re4 a5+ 42. Kb5 Nxd1 43. Nd4 0-1

[Event "224th YMCA Winter A"]
[Site "Warsaw"]
[Date "2020.02.21"]
[Round "8"]
[White "Chalupnik, Marcin"]
[Black "Swierczewski, Marek"]
[Result "1-0"]
[WhiteElo "2165"]
[BlackElo "2090"]
[PlyCount "57"]
[EventDate "2020.01.09"]
[EventType "tourn"]
[EventRounds "1"]
[EventCountry "POL"]
[SourceDate "2020.01.09"]

1. e4 c5 2. Nf3 e6 3. d4 cxd4 4. Nxd4 a6 5. c4 Nf6 6. Nc3 Qc7 7. a3 Nc6 8. Be3
d6 9. Be2 Be7 10. O-O Bd7 11. Rc1 O-O 12. f4 Nxd4 13. Bxd4 Bc6 14. Bf3 Rac8 15.
Nd5 exd5 16. cxd5 Nd7 17. dxc6 bxc6 18. Qe2 a5 19. e5 c5 20. e6 Bf6 21. exf7+
Kh8 22. Bf2 Rxf7 23. Rfe1 Rb8 24. b3 Re7 25. Qd3 Rbe8 26. Rxe7 Bxe7 27. Re1 Nf6
28. Qb5 Rb8 29. Rxe7 1-0

[Event "224th YMCA Winter A"]
[Site "Warsaw"]
[Date "2020.02.12"]
[Round "8"]
[White "Szewczyk, Mariusz"]
[Black "Delega, Tomasz"]
[Result "1-0"]
[WhiteElo "2022"]
[BlackElo "1974"]
[PlyCount "59"]
[EventDate "2020.01.09"]
[EventType "tourn"]
[EventRounds "1"]
[EventCountry "POL"]
[SourceDate "2020.01.09"]

1. e4 d6 2. d4 Nf6 3. f3 e5 4. dxe5 dxe5 5. Qxd8+ Kxd8 6. Bc4 Ke8 7. Be3 Nbd7
8. Nc3 c6 9. Nh3 Bb4 10. Nf2 Nb6 11. Bb3 c5 12. Nd3 Bxc3+ 13. bxc3 c4 14. Bxb6
cxb3 15. axb3 Nd7 16. Bxa7 b6 17. Kf2 Kd8 18. Nxe5 Kc7 19. Nc4 Kb7 20. Nd6+ Kc6
21. Rhd1 Ne5 22. c4 Rd8 23. Nb5 Rxd1 24. Rxd1 Kb7 25. Rd8 Nd7 26. Rg8 g6 27.
Rg7 Kc6 28. Rxf7 Ba6 29. Bxb6 Nxb6 30. Rc7# 1-0

[Event "224th YMCA Winter A"]
[Site "Warsaw"]
[Date "2020.02.21"]
[Round "8"]
[White "Szwaj, Justyna"]
[Black "Choroszej, Aleksander"]
[Result "0-1"]
[WhiteElo "1840"]
[BlackElo "2055"]
[PlyCount "64"]
[EventDate "2020.01.09"]
[EventType "tourn"]
[EventRounds "1"]
[EventCountry "POL"]
[SourceDate "2020.01.09"]

1. d4 g6 2. c4 Bg7 3. Nf3 d6 4. Nc3 Nf6 5. Bg5 h6 6. Bh4 O-O 7. e3 Nc6 8. Be2
g5 9. Bg3 Nh5 10. Qc2 f5 11. d5 Nb4 12. Qd2 Nf6 13. Rb1 a5 14. a3 Na6 15. b4
axb4 16. axb4 c5 17. dxc6 bxc6 18. b5 Nc5 19. bxc6 Nfe4 20. Nxe4 Nxe4 21. c7
Qxc7 22. Qd5+ Kh7 23. Qxa8 Bc3+ 24. Kf1 g4 25. Rb8 gxf3 26. Bxf3 Ba6 27. Qxa6
Rxb8 28. Bxe4 fxe4 29. Ke2 Rb2+ 30. Kd1 Qb8 31. Qa3 Rd2+ 32. Ke1 Qb1+ 0-1

[Event "224th YMCA Winter A"]
[Site "Warsaw"]
[Date "2020.02.28"]
[Round "9"]
[White "Delega, Tomasz"]
[Black "Szwaj, Justyna"]
[Result "1-0"]
[WhiteElo "1974"]
[BlackElo "1840"]
[PlyCount "89"]
[EventDate "2020.01.09"]
[EventType "tourn"]
[EventRounds "1"]
[EventCountry "POL"]
[SourceDate "2020.01.09"]

1. e4 c5 2. Nf3 e6 3. d4 cxd4 4. Nxd4 Nf6 5. Bd3 Nc6 6. Nxc6 bxc6 7. O-O d5 8.
e5 Nd7 9. Qe2 Qb6 10. c4 Bc5 11. Kh1 Bd4 12. f4 Nc5 13. Nd2 Ba6 14. Rb1 O-O 15.
Bc2 dxc4 16. Nxc4 Qb4 17. b3 g6 18. Rf3 Rfd8 19. Bd2 Qa3 20. Bc1 Qxa2 21. Rh3
Bxc4 22. bxc4 Rab8 23. Rxb8 Rxb8 24. Ra3 Rb1 25. Rxa2 Rxc1+ 26. Bd1 Ne4 27. Qf3
Nf2+ 28. Rxf2 Bxf2 29. g3 Bd4 30. Qd3 c5 31. Kg2 Ra1 32. Qb3 a5 33. Kh3 a4 34.
Qb8+ Kg7 35. Bf3 a3 36. f5 gxf5 37. Bh5 a2 38. Qa7 Kh6 39. Bxf7 Rh1 40. Qxa2
Bg1 41. Qd2+ Kg7 42. Bxe6 Rxh2+ 43. Qxh2 Bxh2 44. Kxh2 Kg6 45. Kg2 1-0

[Event "224th YMCA Winter A"]
[Site "Warsaw"]
[Date "2020.02.13"]
[Round "9"]
[White "Malicka, Maria"]
[Black "Szewczyk, Mariusz"]
[Result "1-0"]
[WhiteElo "2041"]
[BlackElo "2022"]
[PlyCount "163"]
[EventDate "2020.01.09"]
[EventType "tourn"]
[EventRounds "1"]
[EventCountry "POL"]
[SourceDate "2020.01.09"]

1. e4 e5 2. Nf3 Nc6 3. Bb5 a6 4. Ba4 Nf6 5. O-O Be7 6. Re1 b5 7. Bb3 d6 8. c3
Na5 9. Bc2 c5 10. d4 Qc7 11. d5 O-O 12. Nbd2 Ne8 13. Nf1 f5 14. exf5 Bxf5 15.
Bxf5 Rxf5 16. Ng3 Rf8 17. Ne4 Nb7 18. a4 Rb8 19. axb5 axb5 20. Nfg5 Nd8 21. Qc2
Bxg5 22. Bxg5 h6 23. Be3 Nf6 24. Ra6 Rb6 25. Nxf6+ Rxf6 26. Ra8 Rb8 27. Rea1
Rxa8 28. Rxa8 Rf8 29. Qb3 Qb6 30. Qa2 Nf7 31. b4 Rxa8 32. Qxa8+ Kh7 33. h3 Nd8
34. Qa5 Qb8 35. bxc5 dxc5 36. Bxc5 Nf7 37. Qa6 e4 38. Qe6 Qf4 39. Be3 Qf6 40.
Qxe4+ Kh8 41. Bd4 Qd8 42. Qg6 Qf8 43. Qc6 Qb8 44. g3 Kg8 45. Kg2 Kh7 46. Qd7
Kg8 47. f4 b4 48. cxb4 Qxb4 49. Qe8+ Kh7 50. Qe4+ Kg8 51. h4 Qd2+ 52. Bf2 Kf8
53. Qe6 Qc2 54. f5 Qd2 55. Qc8+ Ke7 56. Qc5+ Kf6 57. Qd4+ Qxd4 58. Bxd4+ Kxf5
59. Bxg7 Ke4 60. d6 h5 61. Bf8 Ne5 62. Bh6 Nd7 63. Bf4 Nf6 64. Kf2 Nd7 65. Ke2
Nf6 66. Kd2 Kd4 67. Kc2 Kc4 68. Kb2 Kb4 69. Be3 Nd7 70. Ka2 Nf6 $11 71. Bd4 Nd7
72. g4 Kb5 73. gxh5 Kc6 74. h6 Nf8 75. Be5 Kd7 76. Kb3 Ke6 77. Bf4 Kf7 78. Kc4
Ne6 79. Be5 Kg6 80. Kd5 Nd8 81. Bf4 Kf7 82. Bg5 1-0

[Event "224th YMCA Winter A"]
[Site "Warsaw"]
[Date "2020.02.27"]
[Round "9"]
[White "Swierczewski, Marek"]
[Black "Derylo, Kamil"]
[Result "0-1"]
[WhiteElo "2090"]
[BlackElo "2099"]
[PlyCount "52"]
[EventDate "2020.01.09"]
[EventType "tourn"]
[EventRounds "1"]
[EventCountry "POL"]
[SourceDate "2020.01.09"]

1. e4 e5 2. Nf3 Nc6 3. Bb5 a6 4. Ba4 Nf6 5. O-O Nxe4 6. d4 b5 7. Bb3 d5 8. dxe5
Be6 9. c3 Be7 10. Nbd2 O-O 11. Bc2 f5 12. exf6 Nxf6 13. h3 Qd7 14. Ng5 Bf5 15.
Bxf5 Qxf5 16. Nb3 Rae8 17. Be3 Bd6 18. Nf3 Ne5 19. Nbd4 Qd7 20. Nxe5 Bxe5 21.
Nf3 Bd6 22. b4 Ne4 23. Bd4 Qf5 24. a3 Re6 25. Qc1 Rg6 26. Rd1 Qxf3 0-1